000 00285nam a2200097Ia 4500
082 _aETF WAR
245 0 _aWar : stories of conflict
100 _a MORPURGO, Michael Harlow, Essex, 2006 Educational ed
_994782
942 _cBK
008 210817s9999 xx 000 0 und d
999 _c389034
_d389033